<?xml version="1.0" encoding="UTF-8"?><?xml-stylesheet type="text/xsl" href="static/style.xsl"?><OAI-PMH xmlns="http://www.openarchives.org/OAI/2.0/" xmlns:xsi="http://www.w3.org/2001/XMLSchema-instance" xsi:schemaLocation="http://www.openarchives.org/OAI/2.0/ http://www.openarchives.org/OAI/2.0/OAI-PMH.xsd"><responseDate>2026-04-13T02:56:37Z</responseDate><request verb="GetRecord" identifier="oai:www.recercat.cat:10459.1/466953" metadataPrefix="marc">https://recercat.cat/oai/request</request><GetRecord><record><header><identifier>oai:recercat.cat:10459.1/466953</identifier><datestamp>2025-09-15T18:42:20Z</datestamp><setSpec>com_2072_3622</setSpec><setSpec>col_2072_479130</setSpec></header><metadata><record xmlns="http://www.loc.gov/MARC21/slim" xmlns:dcterms="http://purl.org/dc/terms/" xmlns:xsi="http://www.w3.org/2001/XMLSchema-instance" xmlns:doc="http://www.lyncode.com/xoai" xsi:schemaLocation="http://www.loc.gov/MARC21/slim http://www.loc.gov/standards/marcxml/schema/MARC21slim.xsd">
   <leader>00925njm 22002777a 4500</leader>
   <datafield ind2=" " ind1=" " tag="042">
      <subfield code="a">dc</subfield>
   </datafield>
   <datafield ind2=" " ind1=" " tag="720">
      <subfield code="a">Manthei, Alina</subfield>
      <subfield code="e">author</subfield>
   </datafield>
   <datafield ind2=" " ind1=" " tag="720">
      <subfield code="a">Elez Martínez, Pedro</subfield>
      <subfield code="e">author</subfield>
   </datafield>
   <datafield ind2=" " ind1=" " tag="720">
      <subfield code="a">Martín Belloso, Olga</subfield>
      <subfield code="e">author</subfield>
   </datafield>
   <datafield ind2=" " ind1=" " tag="720">
      <subfield code="a">Soliva-Fortuny, Robert</subfield>
      <subfield code="e">author</subfield>
   </datafield>
   <datafield ind2=" " ind1=" " tag="260">
      <subfield code="c">2024</subfield>
   </datafield>
   <datafield ind2=" " ind1=" " tag="520">
      <subfield code="a">The orange juice extraction process generates significant amounts of by-products which currently lack practical applications leading to economic losses and potentially posing environmental threats. To enable their utilization, an orange pulp-peel powder mixture was subjected to different ultrasonication (US) input powers (200, 300, 400 W) and treatment times (15, 30, 45 min). Particle size was reduced with increasing treatment power and time which led to a maximum increase of 25.8% of water holding capacity (WHC), 12.9% of oil holding capacity (OHC) and 7.6% of bile acid adsorption capacity (BAC). Therefore, the highest treatment power and time (400 W, 45 min) were selected to be applied on mixtures comprised of different proportions of orange pulp and peel. PU80 contained 80% pulp and 20% peel, PU50 equal proportions and PU20 20% pulp and 80% peel. Solubility and content of crude fiber did not significantly change in the mixtures after US. However, WHC increased in all mixtures while OHC significantly improved in PU50 (8.16 g g−1). Inhibition of α-amylase (AAIR) and pancreatic lipase (PLIR) were enhanced in US treated PU80 and PU50. PU20 showed the highest increase of BAC from 3.28 mg g−1 to 4.13 mg g−1 after US which was related to an increase of the total phenolic content (TPC) in this treated mixture. This study could demonstrate that the efficacy of US in enhancing different properties of orange by-products highly depends on the ratio of orange pulp and peel in the by-product mixture, thus polysaccharide composition.</subfield>
   </datafield>
   <datafield ind2=" " ind1=" " tag="520">
      <subfield code="a">This work has received funding from the European Union's H2020 research and innovation programme under Marie Sklodowska-Curie grant agreement No. 801586. The project RTI2018-095560-B-I00 was funded by MCIN/AEI/10.13039/501100011033/and FEDER (\u2018A way of making Europe\u2019) and the project TED2021-131828B-I00 was financed by MCIN/AEI/10.13039/501100011033 and European Union NextGenerationEU/PRTR.</subfield>
   </datafield>
   <datafield tag="653" ind2=" " ind1=" ">
      <subfield code="a">Dietary Fiber</subfield>
   </datafield>
   <datafield tag="653" ind2=" " ind1=" ">
      <subfield code="a">Okara</subfield>
   </datafield>
   <datafield tag="653" ind2=" " ind1=" ">
      <subfield code="a">Antioxidant</subfield>
   </datafield>
   <datafield ind2="0" ind1="0" tag="245">
      <subfield code="a">Modification of techno-functional and health-promoting properties of orange by-products through ultrasonication</subfield>
   </datafield>
</record></metadata></record></GetRecord></OAI-PMH>